000 00300nam a22001337a 4500
008 170825b xxu||||| |||| 00| 0 eng d
020 _a9780415077095
041 _aeng
080 _a070
100 _a39
101 _aMED
245 _aTHE CULTURAL STUDENT READER
_cDURING.S
942 _2udc
_cBK
999 _c25080
_d25080